[Event "C.to Provinciale BG"]
[Site "Bergamo ITA"]
[Date "2005.10.21"]
[Round "3"]
[White "Gualdi, Paolo"]
[Black "Primavera, Enrico"]
[Result "1-0"]
[WhiteElo "1568"]
[BlackElo "1453"]
[PlyCount "155"]
[EventDate "2005.10.07"]

1. c4 e6 2. Nc3 Nf6 3. Nf3 d6 4. g3 b6 5. Bg2 Bb7 6. d4 Be7 7. Bg5 Ne4 8. Bxe7
Qxe7 9. d5 Nc5 10. b4 Ncd7 11. Qd3 O-O 12. O-O Na6 13. a3 c6 14. dxc6 Bxc6 15.
Rfd1 d5 16. cxd5 Bb7 17. dxe6 Nf6 18. Ne1 Rad8 19. exf7+ Kh8 20. Qc4 Rc8 21.
Qb3 Bxg2 22. Nxg2 Rxf7 23. Nd5 Nxd5 24. Qxd5 Nc7 25. Qc4 a6 26. Rac1 b5 27. Qa2
Re8 28. Rd2 Ne6 29. Rcd1 Qf6 30. e3 Ng5 31. Ne1 Ne4 32. Rd8 Rff8 33. Rxe8 Rxe8
34. Qc2 Ng5 35. Kg2 Qe6 36. f4 Qh3+ 37. Kg1 Nf7 38. Qd2 Qe6 39. Ng2 h6 40. Qd7
Re7 41. Qxe6 Rxe6 42. Kf2 Nd6 43. Ne1 Nc4 44. Nc2 Nb2 45. Rd5 Rc6 46. Nd4 Nd3+
47. Kf3 Rc3 48. Rd8+ Kh7 49. Ra8 Rxa3 50. Nxb5 Rb3 51. Nd4 Rb2 52. Rxa6 Rf2+
53. Ke4 Nxb4 54. Rb6 Na2 55. h4 Nc3+ 56. Kf5 Nd5 57. Re6 Ra2 58. e4 Ne3+ 59.
Ke5 Ra5+ 60. Kd6 Nc4+ 61. Ke7 Ra7+ 62. Kd8 Rb7 63. Nf5 Nb6 64. Nd6 Rd7+ 65. Ke8
Ra7 66. Re7 Ra8+ 67. Kf7 Rd8 68. Nf5 Nc8 69. Rc7 Nd6+ 70. Nxd6 Rxd6 71. e5 Rg6
72. Rc3 Ra6 73. e6 Ra7+ 74. e7 h5 75. Kf8 Ra6 76. e8=Q Rf6+ 77. Qf7 Rg6 78.
Qg8+ 1-0

[Event "C.to Provinciale BG"]
[Site "Bergamo ITA"]
[Date "2005.10.21"]
[Round "3"]
[White "Gucciardo, Salvatore"]
[Black "Scarpellini, Felice"]
[Result "1/2-1/2"]
[WhiteElo "1440"]
[BlackElo "1948"]
[PlyCount "30"]
[EventDate "2005.10.07"]

1. e4 d6 2. d4 g6 3. Nf3 Bg7 4. h3 c6 5. Be3 Nf6 6. Nbd2 Nbd7 7. c3 O-O 8. Be2
e5 9. dxe5 dxe5 10. O-O b5 11. a4 Bb7 12. Qc2 a6 13. b4 Qe7 14. Nb3 Rfc8 15.
Nfd2 Bf8 1/2-1/2

[Event "C.to Provinciale BG"]
[Site "Bergamo ITA"]
[Date "2005.10.21"]
[Round "3"]
[White "Impellizzeri, Francesco"]
[Black "Bosio, Giovanni"]
[Result "0-1"]
[WhiteElo "1688"]
[BlackElo "1682"]
[PlyCount "110"]
[EventDate "2005.10.07"]

1. d4 d5 2. c4 c6 3. g3 e6 4. Nf3 Nd7 5. Qc2 Ngf6 6. Bg2 g6 7. O-O Bg7 8. Nbd2
O-O 9. e4 dxe4 10. Nxe4 Nxe4 11. Qxe4 Nb6 12. Ne5 f6 13. c5 fxe5 14. cxb6 exd4
15. Bf4 axb6 16. a3 c5 17. Rad1 Qe7 18. Rfe1 Ra4 19. Qc2 b5 20. Qb3 Qd7 21. Bh3
c4 22. Qa2 Qd5 23. Bg2 Qc5 24. Bd2 d3 25. Be3 Qd6 26. Qb1 Ra6 27. Qc1 Bd4 28.
h4 e5 29. Rd2 Qf6 30. Kh2 Ra7 31. Bd5+ Kh8 32. b3 c3 33. Rxd3 Bxe3 34. Qxe3
Qxf2+ 35. Qxf2 Rxf2+ 36. Kg1 Rd2 37. Rxc3 Rxd5 38. Rxc8+ Kg7 39. Rc7+ Kh6 40.
Rf1 Rxa3 41. Rff7 Kh5 42. Rc3 e4 43. Kf2 Rf5+ 44. Rxf5+ gxf5 45. Re3 Kg4 46.
Ke2 f4 47. gxf4 Kxf4 48. Rh3 Ra2+ 49. Kd1 e3 50. h5 Rb2 51. b4 Ke4 52. Kc1 Rf2
53. Kd1 Kd3 54. Ke1 Rb2 55. Kf1 Rxb4 0-1

[Event "C.to Provinciale BG"]
[Site "Bergamo ITA"]
[Date "2005.10.21"]
[Round "3"]
[White "Lanni, Vincenzo"]
[Black "Capata, Ion"]
[Result "0-1"]
[WhiteElo "1619"]
[BlackElo "2090"]
[PlyCount "66"]
[EventDate "2005.10.07"]

1. d4 d5 2. g3 Nf6 3. Bg2 g6 4. Nf3 Bg7 5. O-O O-O 6. c3 b6 7. Nbd2 Bb7 8. Qc2
Nbd7 9. Ne5 Nxe5 10. dxe5 Ng4 11. e6 f5 12. Nf3 Ne5 13. Ng5 h6 14. Nh3 Qd6 15.
f4 Ng4 16. Nf2 Nxf2 17. Rxf2 Qxe6 18. e3 c5 19. Bd2 Bc6 20. Re1 Qd6 21. h3 h5
22. h4 e5 23. Kh2 Rfe8 24. a3 Re6 25. Bf1 Rae8 26. Bg2 exf4 27. gxf4 Bf6 28.
Kg3 d4 29. Bxc6 Qxc6 30. cxd4 cxd4 31. Qb3 Kg7 32. Rfe2 Qd6 33. Bb4 Qd8 0-1

[Event "C.to Provinciale BG"]
[Site "Bergamo ITA"]
[Date "2005.10.21"]
[Round "3"]
[White "Longo, Pietro"]
[Black "Biava, Pierluigi"]
[Result "0-1"]
[WhiteElo "1757"]
[BlackElo "1649"]
[PlyCount "116"]
[EventDate "2005.10.07"]

1. d4 d5 2. c4 Nf6 3. cxd5 Qxd5 4. Nc3 Qa5 5. Bd2 c6 6. e4 Qd8 7. Bg5 h6 8. Bh4
Nbd7 9. f4 Qa5 10. Bd3 e6 11. a3 Be7 12. Nf3 Bd8 13. O-O O-O 14. e5 Nd5 15.
Nxd5 Qxd5 16. Be1 Bb6 17. Kh1 c5 18. Bc3 cxd4 19. Nxd4 Nc5 20. Bc2 a5 21. Qd2
Qd8 22. b4 axb4 23. axb4 Rxa1 24. Rxa1 Na6 25. Qd3 g6 26. Nb5 Qxd3 27. Bxd3 Rd8
28. Nd6 Nc7 29. Bc4 Be3 30. g3 Bd7 31. b5 Nd5 32. Bxd5 exd5 33. Nxb7 Rb8 34.
Nd6 d4 35. Ba5 Bg4 36. h3 Bf3+ 37. Kh2 d3 38. Nc4 Bd4 39. Rb1 Rc8 40. Nd2 Rc2
41. g4 Be3 42. Kg3 Bb7 43. Rd1 Rb2 44. b6 Kf8 45. Bc3 Ra2 46. Bb4+ Ke8 47. Bc3
Kd7 48. f5 g5 49. h4 Bf4+ 50. Kf2 gxh4 51. Kg1 h3 52. Kf2 h2 53. e6+ fxe6 54.
fxe6+ Ke8 55. Bb4 Rxd2+ 56. Bxd2 Bxd2 57. Kg3 h1=Q 58. Rxh1 Bxh1 0-1

[Event "C.to Provinciale BG"]
[Site "Bergamo ITA"]
[Date "2005.10.21"]
[Round "3"]
[White "Maggioni, Oliviero"]
[Black "Valsecchi, Alessio"]
[Result "0-1"]
[WhiteElo "1580"]
[BlackElo "1965"]
[PlyCount "50"]
[EventDate "2005.10.07"]

1. e4 c5 2. Nf3 d6 3. h3 g6 4. c3 Nf6 5. d3 Nc6 6. Bf4 Bg7 7. Nbd2 O-O 8. Be2
b5 9. a3 Nd7 10. Rb1 b4 11. axb4 cxb4 12. c4 a5 13. b3 Nc5 14. O-O e5 15. Bg3
Ne6 16. Re1 f5 17. exf5 gxf5 18. Qc2 Bf6 19. Rbd1 Ra7 20. Nf1 Rg7 21. N3d2 f4
22. Bh2 Ned4 23. Qc1 Bxh3 24. Bf3 Nxf3+ 25. Nxf3 Bxg2 0-1

[Event "C.to Provinciale BG"]
[Site "Bergamo ITA"]
[Date "2005.10.15"]
[Round "3"]
[White "Mora, Lorenzo"]
[Black "Minieri, Filippo"]
[Result "1-0"]
[WhiteElo "1787"]
[BlackElo "2155"]
[PlyCount "119"]
[EventDate "2005.10.07"]

1. Nf3 d5 2. g3 c5 3. Bg2 Nc6 4. d3 e5 5. Nbd2 f5 6. O-O Nf6 7. c4 d4 8. Re1
Be7 9. a3 O-O 10. Qc2 Ng4 11. Nf1 f4 12. e3 Nxf2 13. Qxf2 fxe3 14. Nxe3 e4 15.
dxe4 Ne5 16. Qe2 Nxf3+ 17. Bxf3 dxe3 18. Bxe3 Bh3 19. Rad1 Qb6 20. e5 Rac8 21.
Bf4 g5 22. Bd5+ Kg7 23. Bc1 g4 24. Qe3 Rf5 25. e6 Rcf8 26. Qh6+ Kg8 27. Be4
R8f6 28. Qd2 Rf2 29. Qxf2 Rxf2 30. Kxf2 Bf6 31. e7 Bxe7 32. Bd5+ Kf8 33. Re6
Qb3 34. Rde1 Qc2+ 35. R6e2 Qf5+ 36. Bf4 Bd6 37. Re8+ Kg7 38. Rg8+ Kf6 39. Re6+
Qxe6 40. Bxe6 Kxe6 41. Bxd6 Kxd6 42. Rg7 Kc6 43. Rxh7 a6 44. b4 cxb4 45. axb4
b6 46. Kg1 a5 47. bxa5 bxa5 48. Ra7 Kc5 49. Rxa5+ Kxc4 50. Rh5 Kd4 51. Kf2 Ke4
52. Rh6 Kf5 53. Rxh3 gxh3 54. Kf3 Kg5 55. Ke3 Kf5 56. Kd4 Kg5 57. Ke5 Kg4 58.
Ke4 Kg5 59. Kf3 Kh5 60. Kf4 1-0

[Event "C.to Provinciale BG"]
[Site "Bergamo ITA"]
[Date "2005.10.21"]
[Round "3"]
[White "Nasoni, Paolo"]
[Black "Riggio, Mauro"]
[Result "1-0"]
[WhiteElo "1865"]
[BlackElo "1874"]
[PlyCount "79"]
[EventDate "2005.10.07"]

1. c4 Nf6 2. Nc3 g6 3. g3 d5 4. cxd5 Nxd5 5. Bg2 Nxc3 6. bxc3 Bg7 7. Rb1 O-O 8.
Rxb7 Bxb7 9. Bxb7 Nd7 10. Bxa8 Qxa8 11. Nf3 Ne5 12. O-O Nxf3+ 13. exf3 Qd5 14.
Qe2 e5 15. d3 Rd8 16. Rd1 Qa5 17. Qc2 Rd6 18. f4 Rc6 19. c4 Ra6 20. fxe5 Qxa2
21. Qxa2 Rxa2 22. Bf4 a5 23. d4 a4 24. Rb1 h6 25. Rb8+ Kh7 26. Rc8 a3 27. Rxc7
g5 28. Be3 Rb2 29. Ra7 a2 30. Kg2 Kg6 31. g4 Rc2 32. c5 Bf8 33. Ra6+ Kg7 34. c6
Bb4 35. c7 Rxc7 36. Rxa2 Rd7 37. Kf3 f6 38. Ke4 fxe5 39. dxe5 Be7 40. Ra7 1-0

[Event "C.to Provinciale BG"]
[Site "Bergamo ITA"]
[Date "2005.10.21"]
[Round "3"]
[White "Oteri, Aldo"]
[Black "Testa, Luigi"]
[Result "1-0"]
[WhiteElo "1711"]
[BlackElo "1542"]
[PlyCount "103"]
[EventDate "2005.10.07"]

1. e4 e5 2. Nf3 Nc6 3. Bb5 a6 4. Ba4 Bc5 5. c3 b5 6. Bb3 d6 7. Bd5 Nge7 8. O-O
Nxd5 9. exd5 Ne7 10. d4 exd4 11. Nxd4 O-O 12. Nc6 Nxc6 13. dxc6 Be6 14. Qf3 Qh4
15. Nd2 d5 16. Nb3 Bd6 17. g3 Qd8 18. Bf4 Qf6 19. Nd4 Bxf4 20. gxf4 Qg6+ 21.
Kh1 Qe4 22. Rfe1 Qxf3+ 23. Nxf3 Rfd8 24. Nd4 g6 25. Rad1 Rd6 26. Re5 Rad8 27.
Rde1 Re8 28. f5 gxf5 29. Rxf5 h6 30. Rfe5 Kf8 31. f4 Rdd8 32. Nxe6+ fxe6 33.
Rxe6 Rxe6 34. Rxe6 Kg7 35. Re7+ Kf6 36. Rxc7 Ke6 37. Rh7 Kd6 38. Rxh6+ Kc7 39.
f5 Rf8 40. f6 Rf7 41. Kg2 Kxc6 42. Kf3 Kd6 43. Kf4 Ke6 44. h4 a5 45. h5 b4 46.
Rg6 bxc3 47. bxc3 a4 48. h6 Rc7 49. f7+ Ke7 50. h7 Rc4+ 51. Kg5 Rxc3 52. f8=Q+
1-0

[Event "C.to Provinciale BG"]
[Site "Bergamo ITA"]
[Date "2005.10.21"]
[Round "3"]
[White "Ranfagni, Stefano"]
[Black "Asperti, Fabio"]
[Result "1-0"]
[WhiteElo "1981"]
[BlackElo "1658"]
[PlyCount "39"]
[EventDate "2005.10.07"]

1. e4 d6 2. d4 g6 3. Nc3 Bg7 4. Bc4 c6 5. Nge2 Nf6 6. O-O Qa5 7. Bd2 Qh5 8. Ng3
Qh4 9. f3 b5 10. Bb3 Nh5 11. Be1 Qg5 12. Nce2 Nf4 13. Nxf4 Qxf4 14. c3 Nd7 15.
Bd2 Qh4 16. Qc1 h6 17. Be1 Nf6 18. Nf5 Qg5 19. f4 Qg4 20. Bd1 1-0

[Event "C.to Provinciale BG"]
[Site "Bergamo ITA"]
[Date "2005.10.21"]
[Round "3"]
[White "Safira, Anamaria"]
[Black "Mangili, Riccardo"]
[Result "1-0"]
[WhiteElo "1764"]
[BlackElo "1668"]
[PlyCount "85"]
[EventDate "2005.10.07"]

1. d4 Nf6 2. Nf3 g6 3. Bf4 Bg7 4. h3 O-O 5. e3 c5 6. c3 cxd4 7. exd4 d6 8. Be2
Nbd7 9. Nbd2 a6 10. O-O b5 11. Re1 Bb7 12. Rc1 Rc8 13. Nf1 Nd5 14. Bh2 Re8 15.
Ng3 N7b6 16. Nd2 e5 17. Bf3 f5 18. dxe5 dxe5 19. Qb3 Kh8 20. Ngf1 e4 21. Be2
Qg5 22. c4 Nf4 23. Bxf4 Qxf4 24. cxb5 a5 25. Bc4 Nxc4 26. Nxc4 e3 27. Rxe3 Rxe3
28. Qxe3 Qxe3 29. Nfxe3 Bxb2 30. Rd1 f4 31. Nxb2 fxe3 32. fxe3 Bxg2 33. Kxg2
Rc2+ 34. Kf3 Rxb2 35. a4 Rb4 36. Rd4 Rb3 37. Rd8+ Kg7 38. Ra8 Kf6 39. Rxa5 Rb4
40. Ra6+ Ke5 41. b6 Kd6 42. a5 Kc6 43. Ra7 1-0

[Event "C.to Provinciale BG"]
[Site "Bergamo ITA"]
[Date "2005.10.21"]
[Round "3"]
[White "Salvetti, Carlo"]
[Black "Riva, Carlo"]
[Result "0-1"]
[WhiteElo "1419"]
[BlackElo "1574"]
[PlyCount "58"]
[EventDate "2005.10.07"]

1. e4 c5 2. c4 d6 3. Nc3 Nf6 4. d3 g6 5. h3 Be6 6. Bf4 Nc6 7. Qa4 Bd7 8. Nf3
Nd4 9. Qd1 Nxf3+ 10. Qxf3 Bc6 11. Qe3 b6 12. Bh6 Qd7 13. Bxf8 Rxf8 14. Be2
O-O-O 15. O-O h5 16. Bf3 e5 17. Rad1 Rg8 18. Qg5 Nh7 19. Qh6 Rh8 20. Nd5 Bxd5
21. exd5 Rdg8 22. Qe3 f6 23. g4 Ng5 24. Kh2 Nxf3+ 25. Qxf3 hxg4 26. Qxf6 g3+
27. Kg1 Qxh3 28. Qxh8 Rxh8 29. fxg3 Qh2# 0-1

[Event "C.to Provinciale BG"]
[Site "Bergamo ITA"]
[Date "2005.10.28"]
[Round "4"]
[White "Basletta, Giovanni"]
[Black "Impellizzeri, Francesco"]
[Result "0-1"]
[WhiteElo "1407"]
[BlackElo "1688"]
[PlyCount "74"]
[EventDate "2005.10.07"]

1. e4 e6 2. d4 d5 3. exd5 exd5 4. Nf3 Bd6 5. Bd3 Ne7 6. O-O Bf5 7. Re1 Bxd3 8.
Qxd3 f6 9. Qb5+ Kf7 10. Qxb7 Nbc6 11. Bd2 Rb8 12. Qa6 Rxb2 13. c3 Qd7 14. Bc1
Rb6 15. Qd3 h5 16. c4 Nb4 17. Qc3 dxc4 18. Nbd2 Nbd5 19. Qxc4 Qb5 20. a4 Qc6
21. Ba3 Bxa3 22. Rxa3 Qd6 23. Rb3 Rc6 24. Qd3 Nf4 25. Qb1 g5 26. Ne4 Qd7 27.
Nc5 Qg4 28. g3 h4 29. Rxe7+ Kxe7 30. Qe4+ Re6 31. Nxe6 Nh3+ 32. Kg2 Qxe4 33.
Nxc7 Kd7 34. Na6 Qd5 35. Rb5 Qa8 36. Kxh3 Qxf3 37. d5 hxg3# 0-1

[Event "C.to Provinciale BG"]
[Site "Bergamo ITA"]
[Date "2005.10.28"]
[Round "4"]
[White "Biava, Pierluigi"]
[Black "Gozzini, Giambattista"]
[Result "1/2-1/2"]
[WhiteElo "1649"]
[BlackElo "1727"]
[PlyCount "71"]
[EventDate "2005.10.07"]

1. e4 c6 2. d4 d5 3. f3 e6 4. Nc3 Nf6 5. e5 Nfd7 6. f4 c5 7. Nf3 Nc6 8. Be3 Qb6
9. Na4 Qa5+ 10. c3 c4 11. b4 Qc7 12. Be2 b6 13. O-O Ne7 14. g4 h5 15. h3 hxg4
16. hxg4 f6 17. Kg2 f5 18. Ng5 Nb8 19. Rh1 Rh6 20. Nh7 fxg4 21. Bxg4 Rg6 22.
Ng5 Rh6 23. Qf3 Nf5 24. Bxf5 exf5 25. Rxh6 gxh6 26. Qh5+ Kd8 27. Nf7+ Kd7 28.
Qxf5+ Ke8 29. e6 Qe7 30. Ne5 Qxe6 31. Qh5+ Kd8 32. Re1 Bd7 33. Nxd7 Nxd7 34.
Bf2 Qg8+ 35. Kf3 Kc7 36. Re8 1/2-1/2

[Event "C.to Provinciale BG"]
[Site "Bergamo ITA"]
[Date "2005.10.26"]
[Round "4"]
[White "Bosio, Giovanni"]
[Black "Bassis, Ivano"]
[Result "1-0"]
[WhiteElo "1682"]
[BlackElo "1886"]
[PlyCount "57"]
[EventDate "2005.10.07"]

1. d4 Nf6 2. c4 c5 3. d5 b5 4. b3 bxc4 5. bxc4 d6 6. Nc3 g6 7. Bb2 Bg7 8. e3
O-O 9. Bd3 Nbd7 10. f4 Nb6 11. Nf3 Rb8 12. Rb1 Bb7 13. O-O e6 14. e4 exd5 15.
cxd5 a6 16. h3 Qc7 17. Nh4 c4 18. Bc2 Qc5+ 19. Kh1 Rfe8 20. Qf3 Nfd7 21. Ne2
Bxb2 22. Rxb2 Rec8 23. Qg3 Qa5 24. f5 Ne5 25. fxg6 fxg6 26. Nf4 Rf8 27. Nf5 Qc5
28. Ne6 Qa3 29. Qxa3 1-0

[Event "C.to Provinciale BG"]
[Site "Bergamo ITA"]
[Date "2005.10.28"]
[Round "4"]
[White "Brambilla, Augusto"]
[Black "Maggioni, Oliviero"]
[Result "0-1"]
[WhiteElo "1419"]
[BlackElo "1580"]
[PlyCount "129"]
[EventDate "2005.10.07"]

1. e4 c5 2. Nf3 Nc6 3. d4 cxd4 4. Nxd4 a6 5. Nxc6 bxc6 6. Nc3 d6 7. Be3 Nf6 8.
Qd2 Bd7 9. Bd3 e6 10. Na4 c5 11. b3 a5 12. Bg5 Be7 13. Nc3 Rb8 14. a4 O-O 15.
O-O h6 16. Be3 Ng4 17. Bf4 e5 18. Bg3 Bg5 19. f4 Bh4 20. Ne2 Bxg3 21. Nxg3 Qh4
22. h3 Qxg3 23. hxg4 Qxg4 24. Be2 Qh4 25. fxe5 Qxe4 26. Bd3 Qd4+ 27. Kh1 Qxe5
28. Rae1 Qh5+ 29. Kg1 Rb4 30. Re4 Bc6 31. Rxb4 axb4 32. Rf5 Qg4 33. Qf2 g6 34.
Rf4 Qe6 35. Bc4 d5 36. Rf6 Qd7 37. Bd3 d4 38. Bxg6 Bd5 39. Qg3 fxg6 40. Rxg6+
Kh7 41. Qd3 Qf5 42. Rg3 Qxd3 43. cxd3 Bxb3 44. a5 Bc2 45. a6 Ra8 46. Rf3 b3 47.
Rf7+ Kg6 48. Rc7 Rxa6 49. Rxc5 b2 50. Rb5 Ra1+ 51. Kf2 b1=Q 52. Rxb1 Rxb1 53.
Kf3 Rd1 54. Ke2 Rxd3 55. Ke1 Rg3 56. Kf2 Rg5 57. g3 Re5 58. g4 d3 59. Kf3 Kg5
60. Kg3 d2 61. Kf2 d1=Q 62. Kg3 Re3+ 63. Kf2 Qf3+ 64. Kg1 Qg3+ 65. Kf1 0-1

[Event "C.to Provinciale BG"]
[Site "Bergamo ITA"]
[Date "2005.10.28"]
[Round "4"]
[White "Cambieri, Mario"]
[Black "Lanni, Vincenzo"]
[Result "0-1"]
[WhiteElo "1805"]
[BlackElo "1619"]
[PlyCount "104"]
[EventDate "2005.10.07"]

1. c4 g6 2. d4 Bg7 3. Nf3 d6 4. g3 Nf6 5. Nc3 O-O 6. Bg2 c6 7. e4 Na6 8. O-O
Bg4 9. h3 Bxf3 10. Qxf3 Qc7 11. Be3 e5 12. Rac1 Rfe8 13. a3 Nh5 14. d5 Nc5 15.
Bxc5 dxc5 16. dxc6 bxc6 17. Rfd1 Bh6 18. Rc2 Rad8 19. h4 Rxd1+ 20. Nxd1 Ng7 21.
Ne3 Ne6 22. Rd2 Nd4 23. Qg4 Rd8 24. Qd1 Qa5 25. Kh1 Bxe3 26. fxe3 Ne6 27. Rd3
Rxd3 28. Qxd3 Qd8 29. Qc3 Qd1+ 30. Kh2 Qd7 31. Qa5 Qc7 32. Qa4 Kg7 33. Qd1 Qd8
34. Qe2 Qd6 35. g4 Nd8 36. g5 Nb7 37. Bh3 Na5 38. Qc2 Nb7 39. Qb3 Nd8 40. Qc2
Nb7 41. Bg4 Nd8 42. Qe2 Nb7 43. h5 Nd8 44. Kh3 gxh5 45. Bf5 h6 46. Qxh5 hxg5
47. Qxg5+ Kf8 48. Bh7 Ne6 49. Qf5 Qd1 50. Kg2 Qe2+ 51. Qf2 Qg4+ 52. Kf1 Qh3+
0-1

[Event "C.to Provinciale BG"]
[Site "Bergamo ITA"]
[Date "2005.10.28"]
[Round "4"]
[White "Capata, Ion"]
[Black "Mora, Lorenzo"]
[Result "1-0"]
[WhiteElo "2090"]
[BlackElo "1787"]
[PlyCount "75"]
[EventDate "2005.10.07"]

1. e4 e5 2. Nf3 Nc6 3. Bc4 Bc5 4. c3 Nf6 5. b4 Bb6 6. d3 d6 7. Bg5 Bg4 8. a4 a6
9. a5 Ba7 10. Nbd2 Ne7 11. Qb3 Bh5 12. b5 O-O 13. bxa6 bxa6 14. Bxf6 gxf6 15.
g4 Bg6 16. Nh4 Qd7 17. Nf5 c6 18. Qd1 d5 19. Bb3 Rad8 20. Qf3 Rfe8 21. Rd1 Qc7
22. Qh3 Qxa5 23. Qh6 Nxf5 24. gxf5 Qc5 25. O-O Qxc3 26. fxg6 hxg6 27. Rc1 Qb4
28. Rxc6 g5 29. Rd1 Rd6 30. Rxd6 Qxd6 31. exd5 e4 32. Nxe4 Rxe4 33. dxe4 Qf4
34. Qh3 Bxf2+ 35. Kh1 Qxe4+ 36. Qg2 Qe3 37. Bc4 f5 38. d6 1-0

[Event "C.to Provinciale BG"]
[Site "Bergamo ITA"]
[Date "2005.10.28"]
[Round "4"]
[White "Elitropi, Giorgio"]
[Black "Nasoni, Paolo"]
[Result "1/2-1/2"]
[WhiteElo "2009"]
[BlackElo "1865"]
[PlyCount "66"]
[EventDate "2005.10.07"]

1. Nc3 d5 2. e4 d4 3. Nce2 Nc6 4. Ng3 e5 5. a3 Bd6 6. Bc4 Nf6 7. d3 h6 8. Nf3
Qe7 9. O-O g6 10. Bd2 Bd7 11. b4 Nd8 12. Re1 Ng8 13. c3 c5 14. bxc5 Bxc5 15.
cxd4 exd4 16. e5 Kf8 17. Ne4 a5 18. Nxc5 Qxc5 19. a4 Ne7 20. Bc1 Nec6 21. Ba3
Nb4 22. Nd2 Kg7 23. Rc1 Qe7 24. Qb3 Ne6 25. Ne4 Rhc8 26. Bb2 Rc7 27. Qa3 b5 28.
axb5 Rb7 29. Nd6 Rb6 30. Qa1 Rxd6 31. exd6 Qxd6 32. b6 Nc6 33. Bb5 Nf4 1/2-1/2

[Event "C.to Provinciale BG"]
[Site "Bergamo ITA"]
[Date "2005.10.28"]
[Round "4"]
[White "Elsido, Massimo"]
[Black "Villa, Claudio"]
[Result "1-0"]
[WhiteElo "1757"]
[BlackElo "1792"]
[PlyCount "37"]
[EventDate "2005.10.07"]

1. e4 e5 2. Nf3 d6 3. Bc4 Be7 4. O-O Nf6 5. d3 c6 6. c3 b5 7. Bb3 Bg4 8. h3 Bh5
9. g4 Bg6 10. Nh4 Nbd7 11. f4 exf4 12. Rxf4 Nc5 13. Nxg6 hxg6 14. g5 Nxb3 15.
Qxb3 Qb6+ 16. d4 O-O-O 17. gxf6 Bxf6 18. Qxf7 Rxh3 19. Qe6+ 1-0

[Event "C.to Provinciale BG"]
[Site "Bergamo ITA"]
[Date "2005.10.28"]
[Round "4"]
[White "Fiorona, Gianpietro"]
[Black "Gualdi, Paolo"]
[Result "1-0"]
[WhiteElo "1673"]
[BlackElo "1568"]
[PlyCount "23"]
[EventDate "2005.10.07"]

1. e4 c6 2. d4 d5 3. Nc3 dxe4 4. Nxe4 Bf5 5. Ng3 Bg6 6. h4 Nf6 7. Nf3 Nbd7 8.
h5 Be4 9. Nd2 Qa5 10. c3 Bf5 11. Nc4 Qd5 12. Ne3 1-0

[Event "C.to Provinciale BG"]
[Site "Bergamo ITA"]
[Date "2005.10.28"]
[Round "4"]
[White "Marcelloni, Dario"]
[Black "Asperti, Fabio"]
[Result "1-0"]
[WhiteElo "1580"]
[BlackElo "1658"]
[PlyCount "67"]
[EventDate "2005.10.07"]

1. Nf3 g6 2. g3 Bg7 3. Bg2 Nc6 4. O-O e5 5. d3 d6 6. c4 Nge7 7. Nc3 Bg4 8. h3
Bd7 9. Bg5 f6 10. Be3 Qc8 11. Kh2 h5 12. Rc1 g5 13. Ng1 Nf5 14. Nd5 Nh6 15. c5
h4 16. g4 Bxg4 17. hxg4 Nxg4+ 18. Kh1 Nxe3 19. fxe3 g4 20. cxd6 h3 21. Be4 cxd6
22. Bf5 Qd8 23. Bxg4 f5 24. Rxf5 Qh4 25. Rh5 Qxg4 26. Rxh8+ Kd7 27. Rxh3 Rf8
28. Qe1 Qe6 29. e4 Bh6 30. e3 Rg8 31. Qh4 Qg6 32. Nf6+ Kc7 33. Nxg8 Bxe3 34.
Rxe3 1-0

[Event "C.to Provinciale BG"]
[Site "Bergamo ITA"]
[Date "2005.10.28"]
[Round "4"]
[White "Mazzotti, Federico"]
[Black "Ranfagni, Stefano"]
[Result "1/2-1/2"]
[WhiteElo "1723"]
[BlackElo "1981"]
[PlyCount "39"]
[EventDate "2005.10.07"]

1. e4 e6 2. d4 d5 3. Nc3 dxe4 4. Nxe4 Nd7 5. Nf3 Ngf6 6. Nxf6+ Nxf6 7. Bd3 c5
8. O-O cxd4 9. Nxd4 Bc5 10. Be3 Nd5 11. Bb5+ Bd7 12. Nxe6 Nxe3 13. Qxd7+ Qxd7
14. Bxd7+ Ke7 15. fxe3 Bxe3+ 16. Kh1 fxe6 17. Bxe6 Raf8 18. Bd5 Bd2 19. Bxb7
Rb8 20. Bd5 1/2-1/2

[Event "C.to Provinciale BG"]
[Site "Bergamo ITA"]
[Date "2005.10.28"]
[Round "4"]
[White "Minieri, Filippo"]
[Black "Oteri, Aldo"]
[Result "0-1"]
[WhiteElo "2155"]
[BlackElo "1711"]
[PlyCount "62"]
[EventDate "2005.10.07"]

1. e4 e6 2. d4 d5 3. Nd2 Be7 4. c3 c5 5. dxc5 Bxc5 6. e5 Nc6 7. Qg4 Nxe5 8.
Bb5+ Bd7 9. Bxd7+ Qxd7 10. Qxg7 Ng6 11. Nb3 Bd6 12. Qd4 N8e7 13. Nf3 Nf5 14.
Qd3 O-O-O 15. g4 Nfh4 16. Nxh4 Nxh4 17. Qh3 Qe7 18. Be3 Kb8 19. O-O-O Rc8 20.
Rhe1 Ng6 21. Nd4 Qd7 22. Kb1 Ne5 23. f3 Nc4 24. Bf2 e5 25. Nb3 Qb5 26. f4 a5
27. fxe5 Bxe5 28. Rxe5 Nxe5 29. Qg3 Qe2 30. Rxd5 Qe4+ 31. Ka1 Qxd5 0-1

[Event "C.to Provinciale BG"]
[Site "Bergamo ITA"]
[Date "2005.10.28"]
[Round "4"]
[White "Primavera, Enrico"]
[Black "Bratti, Lorenzo"]
[Result "1-0"]
[WhiteElo "1453"]
[BlackElo "1438"]
[PlyCount "67"]
[EventDate "2005.10.07"]

1. d4 Nc6 2. e3 a6 3. Nf3 e6 4. Be2 Nf6 5. Bd3 d5 6. a3 Bd6 7. Bd2 e5 8. dxe5
Nxe5 9. Nxe5 Bxe5 10. c3 c6 11. O-O Qd6 12. g3 O-O 13. c4 Bxb2 14. Ra2 Be5 15.
Bb4 c5 16. Bc3 Bxc3 17. Nxc3 d4 18. exd4 Qxd4 19. Ne2 Qd6 20. Rd2 Qc6 21. Nf4
g6 22. Bc2 b5 23. cxb5 axb5 24. Rd6 Qb7 25. Rxf6 Rxa3 26. Rd6 b4 27. Nd5 Kg7
28. Qe2 Be6 29. Qe5+ Kh6 30. Qf4+ Kg7 31. Qf6+ Kh6 32. Rxe6 Qxd5 33. Re4 b3 34.
Rh4+ 1-0

[Event "C.to Provinciale BG"]
[Site "Bergamo ITA"]
[Date "2005.10.26"]
[Round "4"]
[White "Riggio, Mauro"]
[Black "Di Mauro, Valerio"]
[Result "0-1"]
[WhiteElo "1874"]
[BlackElo "1526"]
[PlyCount "55"]
[EventDate "2005.10.07"]

1. e4 c6 2. d4 d5 3. e5 c5 4. dxc5 Nc6 5. Bb5 e6 6. Be3 Qc7 7. f4 g5 8. Nf3
gxf4 9. Bxf4 Bxc5 10. Nd4 Bd7 11. c3 Nge7 12. Nb3 Qb6 13. Qe2 O-O-O 14. a4 a5
15. N1d2 Rhg8 16. Nxc5 Qxc5 17. Nb3 Qb6 18. Be3 Qc7 19. Bd4 Nxd4 20. cxd4 Kb8
21. O-O Nf5 22. Rac1 Bc6 23. Rc5 Qb6 24. g4 Rg6 25. Nxa5 Nxd4 26. Rxc6 Nxe2+
27. Kh1 bxc6 28. Nxc6+ 0-1

[Event "C.to Provinciale BG"]
[Site "Bergamo ITA"]
[Date "2005.10.28"]
[Round "4"]
[White "Riva, Carlo"]
[Black "Safira, Anamaria"]
[Result "1/2-1/2"]
[WhiteElo "1574"]
[BlackElo "1764"]
[PlyCount "53"]
[EventDate "2005.10.07"]

1. e4 c6 2. d4 d5 3. exd5 cxd5 4. Bd3 Nc6 5. c3 Nf6 6. Bf4 Bg4 7. Qc2 e6 8. Nd2
Bd6 9. Bxd6 Qxd6 10. Ngf3 Bh5 11. h3 Bg6 12. Bxg6 hxg6 13. O-O-O Rc8 14. Kb1
Rc7 15. Nb3 b6 16. Qe2 a5 17. Qb5 Nd7 18. a4 Na7 19. Qe2 Ke7 20. Ne5 Nxe5 21.
Qxe5 Qxe5 22. dxe5 Nc6 23. f4 f6 24. exf6+ gxf6 25. h4 Rcc8 26. g3 Rh7 27. Rd2
1/2-1/2

[Event "C.to Provinciale BG"]
[Site "Bergamo ITA"]
[Date "2005.10.25"]
[Round "4"]
[White "Stefanelli, Alfredo"]
[Black "Gucciardo, Salvatore"]
[Result "1/2-1/2"]
[WhiteElo "1787"]
[BlackElo "1440"]
[PlyCount "71"]
[EventDate "2005.10.07"]

1. d4 d5 2. Nf3 Nf6 3. c4 e6 4. Nc3 Be7 5. e3 Nbd7 6. Bd3 dxc4 7. Bxc4 c5 8.
O-O O-O 9. Bd2 Nb6 10. Bb3 Nbd5 11. a3 Nxc3 12. Bxc3 Ne4 13. Rc1 Nxc3 14. Rxc3
b6 15. Qe2 Bb7 16. Rd1 Qc7 17. dxc5 Bxc5 18. Ba2 Bxf3 19. Qxf3 Rad8 20. Rdc1
Qb8 21. b4 Bd6 22. g3 Rc8 23. e4 Rxc3 24. Qxc3 Rd8 25. Bb1 g6 26. f4 Rd7 27. e5
Rc7 28. Qd2 Rxc1+ 29. Qxc1 Qc7 30. Qxc7 Bxc7 31. Kf2 Bd8 32. Ke3 Be7 33. Kd4 a5
34. bxa5 bxa5 35. a4 Bb4 36. Be4 1/2-1/2